000 00568nam a2200169 a 4500
001 000018606
005 20200929165829.0
008 100512s2006 dr a 000 0 spa d
040 _aDO-SdBNP
_bspa
_cBNPHU
082 _axxx
_bR337g
110 1 _aRepública Dominicana.
_bSuprema Corte de Justicia
_97906
245 1 0 _aReglamento general de registros de títulos /
_cedición Almanzor González Canahuate.
260 _aSanto Domingo :
_bCentenario,
_c2006.
300 _a152 p. :
_bil. ;
_c23 cm.
700 1 _aGonzález Canahuate, Almanzor
_eed.
_916436
049 _aBNPD
999 _c18126
_d18126